|
|
|
|
| LEADER |
01445nam a2200289 a 4500 |
| 001 |
14546999 |
| 008 |
120201s2007 enka b 001 0 eng d |
| 010 |
|
|
|a 2006049284
|
| 020 |
|
|
|a 033397137X (paper)
|
| 020 |
|
|
|a 9780333971376 (paper)
|
| 040 |
|
|
|a DLC
|c DLC
|d DLC
|d BD-DhAAL
|
| 082 |
0 |
0 |
|a 333.7
|2 22
|
| 100 |
1 |
|
|a Hanley, Nick.
|
| 245 |
1 |
0 |
|a Environmental economics :
|b in theory and practice /
|c Nick Hanley, Jason F. Shogren and Ben White.
|
| 250 |
|
|
|a 2nd ed.
|
| 260 |
|
|
|a Basingstoke [England] ;
|a New York :
|b Palgrave Macmillan,
|c 2007.
|
| 300 |
|
|
|a xvi, 459 p. :
|b ill. ;
|c 24 cm.
|
| 504 |
|
|
|a Includes bibliographical references and indexes.
|
| 541 |
|
|
|e 00024388
|
| 650 |
|
0 |
|a Environmental economics.
|
| 700 |
1 |
|
|a Shogren, Jason F.
|
| 700 |
1 |
|
|a White, Ben
|q (Benedict)
|
| 852 |
1 |
|
|a Ayesha Abed Library
|c General shelf.
|
| 999 |
|
|
|c 11856
|d 11856
|
| 952 |
|
|
|0 0
|1 0
|4 0
|6 333_700000000000000_HAN
|7 0
|9 19376
|a BRACUL
|b BRACUL
|c GEN
|d 2012-02-01
|e Karim International
|g 4700.00
|l 1
|m 5
|o 333.7 HAN
|p 3010024388
|r 2015-01-17
|s 2014-12-12
|t 1
|w 2012-02-01
|y BK
|x Available
|
| 952 |
|
|
|0 0
|1 0
|4 0
|6 333_700000000000000_HAN
|7 0
|9 19377
|a BRACUL
|b BRACUL
|c GEN
|d 2012-02-01
|e Karim International
|g 4700.00
|l 0
|o 333.7 HAN
|p 3010024389
|r 2012-02-01
|t 2
|w 2012-02-01
|y BK
|x Available
|
| 952 |
|
|
|0 0
|1 0
|4 0
|6 333_700000000000000_HAN
|7 0
|9 19378
|a BRACUL
|b BRACUL
|c GEN
|d 2012-02-01
|e Karim International
|g 4700.00
|l 1
|o 333.7 HAN
|p 3010024390
|r 2016-08-16
|s 2013-07-07
|t 3
|w 2012-02-01
|y BK
|x Available
|